El mundo en los ojos (Registro nro. 3973)

Detalles MARC
000 -CABECERA
Longitud fija campo de control 00814nam a2200253 a 4500
003 - • IDENTIFICADOR DELl NÚMERO DE CONTROL
Identificador del número de control CO-ViMGA
005 - • FECHA Y HORA DE LA ÚLTIMA TRANSACCIÓN
Fecha y hora de la última transacción 20230915233128.0
008 - • CÓDIGOS DE INFORMACIÓN DE LONGITUD FIJA
Códigos de información de longitud fija 140329s2012 sp a gr 0001j spa d
020 ## - • NÚMERO INTERNACIONAL NORMALIZADO PARA LIBROS
Número Internacional Normalizado para Libros (ISBN) 9788498714029
040 ## - FUENTE DE LA CATALOGACIÓN
Centro catalogador de origen CO-ViMGA
Lengua de catalogación spa
Centro transcriptor CO-ViMGA
100 10 - • PUNTO DE ACCESO PRINCIPAL-NOMBRE DE PERSONA
Nombre de persona Campanari, Jos
245 13 - • TITULO PROPIAMENTE DICHO
Título El mundo en los ojos
Mención de responsabilidad, etc. Jos Čampanari & Simona Mulazzani
250 ## - • MENCIÓN DE EDICIÓN
Mención de edición Edicin̤ especial para El Ministerio de Cultura
300 ## - • DESCRIPCIÓN FÍSICA
Extensión [11] pg̀inas
Otras características físicas ilustraciones
Dimensiones 17cm
490 0# - • MENCIÓN DE SERIE
Mención de serie Leer es mi cuento
490 0# - • MENCIÓN DE SERIE
Mención de serie NanOQOs
650 14 - • PUNTO DE ACCESO ADICIONAL DE MATERIA - TÉRMINO DE MATERIA
Término de materia o nombre geográfico como elemento inicial Libros ilustrados para niños
Fuente del encabezamiento o término LEMB
650 14 - • PUNTO DE ACCESO ADICIONAL DE MATERIA - TÉRMINO DE MATERIA
Término de materia o nombre geográfico como elemento inicial ℓlbumes infantiles argentinos
Fuente del encabezamiento o término LEMB
650 14 - • PUNTO DE ACCESO ADICIONAL DE MATERIA - TÉRMINO DE MATERIA
Término de materia o nombre geográfico como elemento inicial Organos de los sentidos
Fuente del encabezamiento o término LEMB
700 10 - • PUNTO DE ACCESO ADICIONAL - NOMBRE DE PERSONA
Nombre de persona Mulazzani, Simona
942 ## - ENTRADA DE ELEMENTOS AGREGADOS (KOHA)
Fuente de clasificaión o esquema Dewey Decimal Classification
Koha [por defecto] tipo de item LIbro
Existencias
Perdido Fuente de clasificación o esquema Estado Físico No para préstamo Forma de adquisición Localización permanente Localización actual Localización en estanterías Fecha adquisición Préstamos totales Signatura completa Código de barras Fecha última consulta Número de copia Fecha del precio de reemplazo Tipo de item de Koha Fecha último préstamo Note pública
  Dewey Decimal Classification     Infantil Biblioteca Pública Cubarral Biblioteca Pública Cubarral Sala Infantil 07/25/2023   A CAMM CUB00944 07/25/2023 Ej.1 07/25/2023 LIbro    
  Dewey Decimal Classification     Infantil Biblioteca Pública Dorado Biblioteca Pública Dorado Sala Infantil 02/28/2023   A CAMM DOR01397 02/28/2023 Ej.1 02/28/2023 LIbro    
  Dewey Decimal Classification     Infantil Biblioteca Pública José Eustasio Rivera - San Martin Biblioteca Pública José Eustasio Rivera - San Martin Sala Infantil 03/03/2023   A CAMM SM00391 03/03/2023 Ej.1 03/03/2023 Libro Infantil    
        Colección Sala Infantil de Literatura Pocatil y Tilín Biblioteca Pública Departamental Eduardo Carranza - Villavicencio Biblioteca Pública Departamental Eduardo Carranza - Villavicencio Sala Infantil 02/18/2016   A CAMM ECA24562 11/26/2024 Ej.1 11/26/2024 LIbro   18535 | 23692
  Dewey Decimal Classification     Sala Infantil Segundo Piso Biblioteca Pública Germán Arciniegas - Villavicencio Biblioteca Pública Germán Arciniegas - Villavicencio   04/25/2016 4 A CAMM 29927 11/16/2017 Ej. 1 04/25/2016 LIbro 11/16/2017  
  Dewey Decimal Classification     Infantil Biblioteca Pública Granada - Boca del Monte Biblioteca Pública Granada - Boca del Monte Sala Infantil 07/29/2025   A CAMM GRDA00225 07/29/2025 Ej.1 07/29/2025 LIbro    
  Dewey Decimal Classification     Infantil Biblioteca Pública Guamal Biblioteca Pública Guamal Sala Infantil 02/10/2023   A CAMM GUA000966 02/10/2023 Ej.1 02/10/2023 Libro Infantil    
  Dewey Decimal Classification     Infantil Biblioteca Pública Mesetas - Franco lodo Poloxi Biblioteca Pública Mesetas - Franco lodo Poloxi   03/31/2025   A CAMM 9788498714029 03/31/2025 Ej.1 03/31/2025 LIbro    
  Dewey Decimal Classification     Infantil Biblioteca Pública San Juan de Arama - Concepción de Arama Biblioteca Pública San Juan de Arama - Concepción de Arama Sala Infantil 07/11/2025   A CAMM SJA01064 07/11/2025 Ej.1 07/11/2025 Libro Infantil    









Instituto Departamental de Cultura del Meta - Red Departamental de Bibliotecas Públicas del Meta.